书目信息 |
| 题名: |
外星人谜团
|
|
| 作者: | ;大华文苑 编著 | |
| 分册: | ||
| 出版信息: | 赤峰 内蒙古科学技术出版社 2012.04 |
|
| 页数: | 168页 | |
| 开本: | 24cm | |
| 丛书名: | ||
| 单 册: | ||
| 中图分类: | Q693-49 | |
| 科图分类: | ||
| 主题词: | 地外生命--di wai sheng ming--普及读物 , 地外生命--di wai sheng ming | |
| 电子资源: | ||
| ISBN: | 978-7-5380-2112-7 | |
| 000 | 00825nam0 2200253 450 | |
| 001 | 0106081733 | |
| 005 | 20201106082042.0 | |
| 010 | @a978-7-5380-2112-7@dCNY38.80 | |
| 100 | @a20120930e20202012em y0chiy50 ea | |
| 101 | 0 | @achi |
| 102 | @aCN@b150000 | |
| 105 | @aa z 000yy | |
| 106 | @ar | |
| 200 | 1 | @a外星人谜团@Awai xing ren mi tuan@f大华文苑编著 |
| 210 | @a赤峰@c内蒙古科学技术出版社@d2012.04@h2020.02 | |
| 215 | @a168页@c图@d24cm | |
| 300 | @a破译天下谜团 | |
| 330 | @a本书内容包括外星人行踪、外星人追寻、外星人疑云等,将未解之谜与科学研究结合起来启迪思考,激发探索精神。 | |
| 606 | 0 | @a地外生命@Adi wai sheng ming@j普及读物 |
| 606 | 0 | @a地外生命@Adi wai sheng ming |
| 690 | @aQ693-49@v5 | |
| 711 | 02 | @a大华文苑@Ada hua wen yuan@4编著 |
| 801 | 0 | @aCN@bBJSZM@c20201106 |
| 905 | @b1190200-3@dQ693-49@e31@f4 | |
| 外星人谜团/大华文苑编著.-赤峰:内蒙古科学技术出版社,2012.04(2020.02) |
| 168页:图;24cm |
| 破译天下谜团 |
| ISBN 978-7-5380-2112-7:CNY38.80 |
| 本书内容包括外星人行踪、外星人追寻、外星人疑云等,将未解之谜与科学研究结合起来启迪思考,激发探索精神。 |
| ● |
| 相关链接 |
|
|
|
|
正题名:外星人谜团
索取号:Q693-49/31
 
预约/预借
| 序号 | 登录号 | 条形码 | 馆藏地/架位号 | 状态 | 备注 |
| 1 | 1190200 | 211902002 | 第二样本阅览室/ [索取号:Q693-49/31] | 在馆 | |
| 2 | 1190201 | 211902011 | 第三借阅区/ [索取号:Q693-49/31] | 在馆 | |
| 3 | 1190202 | 211902020 | 第三借阅区/ [索取号:Q693-49/31] | 在馆 | |
| 4 | 1190203 | 211902039 | 第三借阅区/ [索取号:Q693-49/31] | 在馆 |